| 000 | 00599nam a22002057a 4500 | ||
|---|---|---|---|
| 003 | OSt | ||
| 005 | 20140310182941.0 | ||
| 008 | 130204t xxu||||| |||| 00| 0 eng d | ||
| 020 | _a9789712722134 (pbk.) | ||
| 050 |
_aDS686.6 _b.M321 2010 |
||
| 082 |
_aFIL 959.90562 _bC573 2010 |
||
| 245 |
_aMondo Marcos _bwritings on martial law and the Marcos babies _cFrank Cimatu and Rolando B. Tolentino |
||
| 260 |
_aManila _bAnvil Pub. _cc2010 |
||
| 300 |
_axvii, 198 p. : ill. _c23 cm. |
||
| 521 | _acollege students | ||
| 526 | _c1210L-1700L | ||
| 562 | _e1 | ||
| 942 |
_2lcc _cBK _kFIL |
||
| 999 |
_c17734 _d17734 |
||